| 000 | 00738nam a2200253 4500 | ||
|---|---|---|---|
| 001 | C2-0219576 | ||
| 003 | PPAK | ||
| 005 | 20220907124651.0 | ||
| 008 | 990902s1980 my e g s | eng d | ||
| 020 | _qhardback | ||
| 040 |
_aPPAK _beng _cPPAK _erda |
||
| 082 | 0 | 4 |
_2 23 _a328.409595112 |
| 090 | 0 | 0 |
_a328.409595112 _bWAR _dKK |
| 245 | 0 | 0 | _aWarta Kerajaan NEGERI KEDAH = GOVERNMENT OF KEDAH GAZETTE |
| 246 | 3 | 3 | _aUndang-undang di Malaysia |
| 264 | 1 |
_aKuala Lumpur : _bKerajaan Malaysia , _c1980 |
|
| 300 |
_a1 volume (various pages) ; _c25 cm |
||
| 336 |
_2rdacontent _atext |
||
| 337 |
_2rdamedia _aunmediated |
||
| 338 |
_2rdacarrier _avolume |
||
| 500 | _aBound | ||
| 651 | 2 | 0 |
_aKedah _vGoverment publications |
| 942 |
_cB _2ddc |
||
| 999 |
_c188963 _d188963 |
||